Box office 2000 par images restreintes - Statistiques

Statistiques générales
  • Ce quiz a été pris 210 fois
  • Le résultat moyen est 7 sur 12
Statistiques - réponses
Par images Réponse % Correct
Taxi 2
98%
Toy Story 2
96%
Gladiator
94%
Chicken Run
68%
Scary Movie
63%
Mission impossible 2
60%
Dinosaure
50%
Sixième Sens
44%
American Beauty
38%
Les Rivières pourpres
22%
Incassable
20%
Le Goût des autres
10%
Aucun quiz correspondant
Distribution des résultats
% des personnes avec chaque résultat
Percentile par nombre de réponses
Votre historique - résultats
Vous n’avez pas pris ce quiz